000 00992cam a2200289 a 4500
001 2143907
003 OSt
005 20250901165759.0
008 980806s1999 nyua 001 0 eng
010 _a 98039789
040 _aDLC
_cDLC
_dDLC
050 0 0 _aHD 58 .82 .D36 1999
_b.D36 1999
082 0 0 _a658.4/06
_221
245 0 4 _aThe dance of change :
_bthe challenges of sustaining momentum in learning organizations /
_cPeter Senge ... [et al.].
250 _a1st ed.
260 _aNew York :
_bCurrency/Doubleday,
_c1999.
300 _aix, 596 p. :
_bill. ;
_c23 cm.
500 _a"A Fifth discipline resource."
500 _aIncludes index.
650 0 _aOrganizational learning.
650 0 _aOrganizational change.
700 1 _aSenge, Peter M.
906 _a7
_bcbc
_corignew
_d1
_eocip
_f19
_gy-gencatlg
942 _2lcc
_cBK
999 _c9175
_d9175